| 000 | 01228nam a2200301 a 4500 | ||
|---|---|---|---|
| 001 | ebr10427269 | ||
| 003 | CaPaEBR | ||
| 006 | m u | ||
| 007 | cr cn||||||||| | ||
| 008 | 081114s2009 enka sb 001 0 eng | ||
| 010 | _z 2008048264 | ||
| 020 | _z9781855396586 (pbk.) | ||
| 040 |
_aCaPaEBR _cCaPaEBR |
||
| 035 | _a(OCoLC)697324298 | ||
| 050 | 1 | 4 |
_aLB2805 _b.W46 2009eb |
| 082 | 0 | 4 |
_a371.2 _222 |
| 100 | 1 |
_aWest-Burnham, John, _d1946- |
|
| 245 | 1 | 0 |
_aRethinking educational leadership _h[electronic resource] : _bfrom improvement to transformation / _cJohn West-Burnham. |
| 260 |
_a[London] ; _aNew York : _bNetwork Continuum, _cc2009. |
||
| 300 |
_aviii, 144 p. : _bill. |
||
| 504 | _aIncludes bibliographical references (p. [135]-139) and index. | ||
| 533 |
_aElectronic reproduction. _bPalo Alto, Calif. : _cebrary, _d2013. _nAvailable via World Wide Web. _nAccess may be limited to ebrary affiliated libraries. |
||
| 650 | 0 | _aSchool management and organization. | |
| 650 | 0 | _aEducational leadership. | |
| 655 | 7 |
_aElectronic books. _2local |
|
| 710 | 2 | _aebrary, Inc. | |
| 856 | 4 | 0 |
_uhttp://site.ebrary.com/lib/rucke/Doc?id=10427269 _zAn electronic book accessible through the World Wide Web; click to view |
| 999 |
_c144751 _d144751 |
||